000 00284nam a2200121Ia 4500
008 190216s9999||||xx |||||||||||||| ||und||
100 _aCharlotte Bronte
245 0 _aVillette
260 _bDean&Son Ltd
_c1965
300 _a247
650 _aEnglish Novel-English Novel
942 _cBK
999 _c12122
_d12122